00697 2200265 4500001002100000005001700021008004100038020001800079035002400097041000800121043001200129082000800141090001900149100002000168245006600188250001800254260003500272300002500307500002400332504001700356505001100373650001400384850001200398990002100410YOGYA-0511000000188120110530181435.0 ind  a979-8170-85-7 0010-051100000001880 aInd aYOPDYOG a657 aDEP 657bSim A aSIMAMORA, Henry aAkuntansibBasis pengambilan keputusan bisniscHenry Simamora aEd. 2bCet. 1 aYogyakartabUPP AMP YKPNc2002 a... jilbilusc26 cm ayang diterima jil 1 ahlm. 371-372 aindeks aAkuntansi aYOPDYOG aCB-D.11 2002-476